Risk assessment of hurricane mitigative options involving Central Park Lodge nursing home /

Bibliographic Details
Main Author: Stubbs, Norris
Corporate Author: Hazard Reduction and Recovery Center
Format: Book
Language:English
Published: College Station, TX : Hazard Reduction Recovery Center, College of Architecture, Texas A&M University, [1986?]
Subjects:

MARC

Tag First Indicator Second Indicator Subfields
LEADER 00000cam a2200000Ia 4500
001 in00001660821
005 20151023093914.0
008 011120s1986 txua b 000 0 eng d
035 |a (OCoLC)ocm48460894 
040 |a TXA  |c TXA  |d UtOrBLW 
049 |a TXAM 
090 |a TH1096  |b .S788 1986 
100 1 |a Stubbs, Norris. 
245 1 0 |a Risk assessment of hurricane mitigative options involving Central Park Lodge nursing home /  |c Norris Stubbs. 
264 1 |a College Station, TX :  |b Hazard Reduction Recovery Center, College of Architecture, Texas A&M University,  |c [1986?] 
300 |a v, 41 pages :  |b illustrations ;  |c 28 cm. 
336 |a text  |b txt  |2 rdacontent 
337 |a unmediated  |b n  |2 rdamedia 
338 |a volume  |b nc  |2 rdacarrier 
504 |a Includes bibliographical references. 
500 |a Library copy missing pp. 2-7. 
536 |a From the library of the Hazard Reduction and Recovery Center (HRRC). 
650 0 |a Building, Stormproof  |x Mathematical models. 
650 0 |a Buildings  |x Natural disaster effects  |x Mathematical models. 
650 0 |a Hurricane protection  |x Mathematical models. 
710 2 |a Hazard Reduction and Recovery Center. 
994 |a E0  |b TXA 
948 |a cataloged  |b h  |c 2001/11/20  |d o  |e kweimer  |f 10:36:27 am 
999 |a MARS 
999 f f |s c0dbb5bf-80d7-3904-8e89-af8c1295f007  |i dd64348d-fb8e-397a-bf99-f57a9aea5276  |t 0 
952 f f |p ric  |a Texas A&M University  |b Rellis Campus  |c Joint Library Facility  |d Remote Storage  |t 0  |e TH1096 .S788 1986  |h Library of Congress classification  |i unmediated -- volume  |m A14827843468 
998 f f |a TH1096 .S788 1986  |t 0  |l Remote Storage